000
00312nam a2200109Ia 4500
008
180116s9999 xx 000 0 und d
020
_a
9780815345374
100
_a
Milo, Ron
245
_c
Ron Milo, Rob Phillips
_a
Cell Biology by the numbers /
260
_b
Taylor & Francis Group Inc.
_c
2016
300
_a
356 pages
999
_c
353216
_d
353216